000 00777nam a2200289Ia 4500
005 20260324133938.0
008 008 260324s9999 xx 000 0 eng d
020 _a9781410608772
037 _aEBOOK
040 _aCRL
040 _beng
040 _cCRL
041 _2eng
041 _aeng
084 _qCRL
100 _aRobin R. Vallacher; Stephen John Read; Andrzej Nowak
_91194979
245 4 _aThe Dynamic Perspective in Personality and Social Psychology
245 2 _bA Special Issue of personality and Social Psychology Review
260 _bTaylor and Francis
260 _c2002
365 _a
365 _b110
856 _uhttp://www.taylorfrancis.com/books/9781410608772
942 _cEBOOK
999 _c1794561
_d1794561